| 000 | 00511nam a2200181 a 4500 | ||
|---|---|---|---|
| 001 | 000022588 | ||
| 005 | 20200930021704.0 | ||
| 008 | 101013s2002 sp a 000 0 spa d | ||
| 020 | _a8475561403 | ||
| 040 |
_aDO-SdBNP _bspa _cBNPHU |
||
| 082 |
_axxxx _bM678l |
||
| 100 | 1 |
_aMisrahi, Alicia _946488 |
|
| 245 | 1 | 3 |
_aEl lector de... Edgar Allan Poe / _cAlicia Misrahi. |
| 260 |
_aBarcelona, Espaa : _bOceano, _c2002. |
||
| 300 |
_a320 p. : _bil. ; _c21 cm. |
||
| 504 | _aBibliografas : p. 277-288 | ||
| 049 | _aBNPD | ||
| 999 |
_c22085 _d22085 |
||